000 00560nam a2200241Ia 4500
003 OSt
005 20220912145456.0
006 a|||||r|||| 00| 0
007 ta
008 220909b |||||||| |||| 00| 0 eng d
024 _a67744
037 _cTextual
040 _aCSL
_beng
_cCSL
041 _aeng
082 _aLA:66, F6 CS
100 _aNandkarni
245 0 _aIndian materia medica
260 _c1926
300 _ap.
_ccm.
650 _aMedicine
942 _hLA:66, F6 CS
_cTEXL
_2CC
999 _c32666
_d32666